Color in the Lyrics - Statistics

General Stats
  • This quiz has been taken 80 times
  • The average score is 9 of 15
Answer Stats
Hint Answer % Correct
It's a nice day for a _____ wedding / It's a nice day to start again White
94%
Our hearts a thumpin' and you / My _____ eyed girl Brown
92%
___, ___ wine, goes to my head / Makes me forget that I still need her so Red
82%
They call me mellow ______ / (Quite rightly) Yellow
80%
All the leaves are brown and the sky is ____ / I've been for a walk on a winter's day Gray
76%
______ rain, ______ rain / I only wanted to see you / Bathing in the ______ rain Purple
70%
It's late in the evening, she's wondering what clothes to wear / She puts on her makeup and brushes her long ______ hair Blonde
69%
I see a red door and I want it painted _____ / No colors anymore I want them to turn _____ Black
66%
I'll have a ____ Christmas without you / I'll be so ____ just thinking about you Blue
63%
It's not that easy being _____ / It seems to blend in with so many other ordinary things Green
59%
Broken up deep inside / But you won't get to see / The tears I cry / Behind these _____ eyes Hazel
49%
And I've got one more ______ dollar / But I'm not gon' let 'em catch me, no / Not gon' let 'em catch the midnight rider Silver
35%
She comes in colors everywhere / She combs her hair / She's like a _______ Rainbow
31%
Whoa, _____ is the color of your energy Amber
11%
She wore _______ begonias tucked into her curls / I knew right away she was not like other girls, other girls Scarlet
10%
No matching quizzes found
Score Distribution
Percent of People with Each Score
Percentile by Number Answered
Your Score History
You have not taken this quiz